| 000 | 00793cab a2200229 4500 | ||
|---|---|---|---|
| 001 | ABS58174 | ||
| 008 | 090401t1998 xxu||||| |||| 00| 0 eng d | ||
| 035 | _a(Sirsi) u83441 | ||
| 041 | _aeng | ||
| 245 | _aResidential investment: Private rented sector boost predicted | ||
| 260 | _c1998 | ||
| 350 | _a0 | ||
| 490 |
_aProperty Finance & Development _v10(1) January 1998, 6-7(2) |
||
| 520 | _aA survey by FPD Savills shows a large influx of new money into the UK residential property market. Of the extra £400m expected three quarters will come from just six corporate investors. Charts. | ||
| 650 | _aCORPORATE INVESTMENT | ||
| 650 | _aPRIVATE RENTED SECTOR | ||
| 650 | _aRESIDENTIAL INVESTMENT | ||
| 650 | _aSAVILLS | ||
| 690 | _aHOUSING | ||
| 942 | _n0 | ||
| 948 | _c30/01/1998 | ||
| 999 |
_c52696 _d52696 |
||